Most Populous Countries Not on the UN Security Council - Statistics

General Stats
  • This quiz has been taken 579 times
  • The average score is 19 of 22
Answer Stats
Population Country % Correct
1.38 billion India
99%
274 million Indonesia
95%
206 million Nigeria
95%
221 million Pakistan
95%
102 million Egypt
93%
165 million Bangladesh
92%
129 million Mexico
91%
84 million Iran
90%
90 million DR Congo
88%
115 million Ethiopia
88%
84 million Turkey
87%
110 million Philippines
86%
59 million South Africa
85%
97 million Vietnam
85%
70 million Thailand
84%
84 million Germany
79%
51 million Colombia
78%
60 million Tanzania
77%
60 million Italy
75%
54 million Kenya
73%
51 million South Korea
70%
54 million Myanmar
69%
No matching quizzes found
Score Distribution
Percent of People with Each Score
Percentile by Number Answered
Your Score History
You have not taken this quiz